00854 a2200193 4500999001700000010001400017020002200031035001300053037001500066082001100081100001900092245011200111260007100223270007400294300002800368500011600396942003100512952011700543 c10385d10385 aENG-89279 a8172084595c39.00 aEN-72812 bDBAD / PUB14a230.351 aRoof, Jonathan1 aPathways to God :ban advanced study guide to selected teachings of Sri Sathya Sai Baba /cby Jonathan Roof aPrasanthi NilayambSri Sathya Sai Books & Publications Trustc2006 aPrasanthi Nilayam, P.O. / Anantapur DistrictbAndhra Pradeshe515 134 aV.2 (296p)c21 cm (Pbk) aThis book published in 2 vols. - V.1 recd. on 2.11.2007 (EN-71591) & Includes bibliography, glossary and index adplcEN2ddch230.35 mROO 001040718NFICaDBADbDBADeDBAD/PUBg39.00l0o230.35 ROOpEN-72812 (v.2)r2008-09-15 00:00:00t1v39.00yEN